[Event "105th British-ch 2018"]
[Site "Hull"]
[Date "2018.08.04"]
[Round "8"]
[White "Hebden, Mark"]
[Black "Jones, Gawain Cb"]
[Result "0-1"]
[WhiteElo "2423"]
[BlackElo "2670"]
[Annotator "TA"]
[PlyCount "74"]
[EventDate "2018.07.28"]
[EventType "swiss"]
[EventCountry "GBR"]
[SourceTitle "playchess.com"]
[Source "ChessBase"]
[SourceQuality "1"]

{[%evp 20,74,6,0,0,0,0,0,0,0,0,-32,-24,-87,-89,-67,-75,-113,-111,-113,-40,-47,-33,-50,-52,-38,-38,-204,-204,-210,-204,-204,-221,-199,-209,-214,-205,-254,-279,-360,-341,-346,-330,-352,-347,-329,-329,-539,-564,-557,-550,-539,-526,-29965,-29965,-5694,-5410]} 1. d4 Nf6 2. Bg5 d5 3. e3 c5 4. Bxf6 gxf6 5. Nc3 Nc6 6. Qh5 cxd4 {D01: Veresov Opening} 7. exd4 e6 8. Nf3 (8. O-O-O Bb4 9. Nge2 Bd7 10. h4 Qe7 11. a3 Ba5 12. Rh3 O-O-O 13. Re3 {½-½ (39) Rapport,R (2707)-Vachier Lagrave,M (2789) Riadh 2017}) 8... Bd7 9. Bb5 a6 10. Bxc6 Bxc6 11. O-O {LiveBook: 3 Games} Qc7 12. a4 $146 ({Predecessor:} 12. Rfe1 O-O-O 13. Re3 Bd6 14. Qh4 {0-1 (41) Kindermann,S (2502)-Nayhebaver,M (2440) Austria 2018}) 12... O-O-O 13. Rfb1 Be8 14. Ne2 Kb8 15. Rc1 Rg8 16. c4 (16. g3 $11) 16... dxc4 $17 17. b3 Rg6 18. bxc4 f5 {[%cal Bf6f5,Bf5f4][%mdl 32]} 19. Qh4 f6 (19... Rg4 $17 20. Qh5 h6) 20. Qf4 $1 $15 {[%cal Rf4c7] White wants to play Qxc7+.} ({Wrong is} 20. Nf4 $2 Rg4 $19) 20... Bd6 $36 {[%mdl 2048] Black has good play.} 21. Qe3 f4 22. Qb3 e5 23. d5 $2 {[#]} ({White should try} 23. Rab1 $1 $15) 23... Bc5 $19 24. Rab1 Bd7 25. Nc3 Bh3 26. Ne4 Rxg2+ ({Weaker is} 26... Bxg2 27. Nxc5 Bh3+ 28. Kh1 $11) 27. Kh1 Rg7 28. Rg1 Rdg8 29. Nxf6 Rxg1+ 30. Rxg1 Rxg1+ 31. Nxg1 Bf5 32. Qf3 Bd4 33. Qe2 $2 {[#]} (33. Ne4) 33... Qg7 34. Ne4 Qg6 35. Nd2 e4 36. Nb3 f3 {[%csl Gf3][%cal Rg6g2]} 37. Qf1 Be5 {Precision: White = 54%, Black = 89%.} 0-1

[Event "105th British-ch 2018"]
[Site "Hull"]
[Date "2018.08.04"]
[Round "8"]
[White "Palliser, Richard Jd"]
[Black "Kalavannan, Koby"]
[Result "1/2-1/2"]
[WhiteElo "2418"]
[BlackElo "2277"]
[Annotator "TA"]
[PlyCount "68"]
[EventDate "2018.07.28"]
[EventType "swiss"]
[EventCountry "GBR"]
[SourceTitle "playchess.com"]
[Source "ChessBase"]
[SourceQuality "1"]

{[%evp 18,68,53,41,53,62,77,61,83,73,102,97,100,83,86,72,81,75,78,72,80,72,103,89,109,106,187,168,188,128,131,129,168,74,83,77,91,85,112,55,57,30,54,0,58,0,0,-104,0,0,0,-102,0]} 1. d4 Nf6 2. c4 g6 3. Nc3 Bg7 4. e4 d6 5. h3 O-O 6. Be3 c5 7. Nf3 cxd4 8. Nxd4 b6 {E90: King's Indian: Classical: Early deviations and 6 h3} 9. Qd2 Bb7 10. f3 {LiveBook: 7 Games} Nbd7 {White is slightly better.} 11. Bh6 Bxh6 12. Qxh6 a6 $146 ({Predecessor:} 12... e6 13. O-O-O d5 14. cxd5 exd5 15. exd5 Rc8 16. Nc6 Bxc6 17. dxc6 Rxc6 {1-0 (35) Jones,G (2675)-Antonio,V (2435) Sharjah 2018}) 13. h4 e5 14. Nc2 Nh5 15. O-O-O Qf6 16. Rg1 Rfd8 17. g3 Nc5 18. Be2 Rac8 19. Kb1 Ne6 20. Qe3 Rb8 21. Nd5 ({But not} 21. Qxb6 $6 Bxe4 22. Nxe4 Rxb6 $11) 21... Bxd5 (21... Qg7 $16 {keeps fighting.}) 22. cxd5 $18 ({Don't do} 22. exd5 $6 Neg7 $14) ({Much less strong is} 22. Rxd5 a5 $14) 22... Nc5 23. Nb4 (23. b4 $18) 23... Ra8 $16 24. Nc6 Rdc8 25. Rc1 (25. g4 $18 {and White stays clearly on top.} Nf4 26. g5) 25... Kh8 26. Bf1 Qg7 27. Bh3 Rc7 {[#]} 28. Rc2 (28. f4 $1 $16) 28... Rf8 29. Bg4 Nf6 30. Bh3 (30. b4 $5 {[%cal Rb4c5]} Nxg4 31. fxg4 $16) 30... Nh5 $1 31. Qa3 ({White should play} 31. Rh2 $14) 31... a5 $1 $11 32. Bg4 (32. Qe3 $11 {remains equal.}) 32... Nf6 33. Bh3 Nh5 34. Bg4 {[#]} Nf6 {Precision: White = 49%, Black = 60%.} (34... f5 $1 $17 {[%cal Rf5g4]} 35. Bxh5 gxh5) 1/2-1/2

[Event "105th British-ch 2018"]
[Site "Hull"]
[Date "2018.08.04"]
[Round "8"]
[White "Houska, Jovanka"]
[Black "Gormally, Daniel"]
[Result "0-1"]
[WhiteElo "2406"]
[BlackElo "2478"]
[Annotator "ChessBase"]
[PlyCount "118"]
[EventDate "2018.07.28"]
[EventType "swiss"]
[EventCountry "GBR"]
[SourceTitle "playchess.com"]
[Source "ChessBase"]
[SourceQuality "1"]
[TimeControl "40/5400+30:1800+30"]

1. Nf3 {[%emt 0:01:34]} d5 {[%emt 0:00:04]} 2. d4 {[%emt 0:00:43]} Nf6 {[%emt 0:00:14]} 3. c4 {[%emt 0:00:05]} e6 {[%emt 0:00:06]} 4. e3 {[%emt 0:00:26]} Be7 {[%emt 0:01:04]} 5. b3 {[%emt 0:00:35]} O-O {[%emt 0:01:23]} 6. Bb2 {[%emt 0:01:44]} c5 {[%emt 0:03:27]} 7. cxd5 {[%emt 0:01:15]} Nxd5 {[%emt 0:03:16]} 8. dxc5 {[%emt 0:13:31]} Bxc5 {[%emt 0:00:05]} 9. Bd3 {[%emt 0:00:21]} Nb4 {[%emt 0:01:47]} 10. Be2 {[%emt 0:01:28]} Qxd1+ {[%emt 0:00:06]} 11. Kxd1 {[%emt 0:00:04]} Rd8+ {[%emt 0:01:17]} 12. Nbd2 {[%emt 0:00:16]} b6 {[%emt 0:02:15]} 13. a3 {[%emt 0:06:52]} Nd5 {[%emt 0:07:04]} 14. Bc4 {[%emt 0:05:25]} Bb7 {[%emt 0:11:21]} 15. Ke2 {[%emt 0:01:01]} Nd7 {[%emt 0:00:06]} 16. Rhd1 {[%emt 0:01:36]} a6 {[%emt 0:02:00]} 17. Rac1 {[%emt 0:03:45]} Rac8 {[%emt 0:03:11]} 18. b4 {[%emt 0:11:08]} Be7 {[%emt 0:00:07]} 19. Nb3 {[%emt 0:02:06]} b5 {[%emt 0:07:47]} 20. Bd3 {[%emt 0:11:23]} N7b6 {[%emt 0:01:11]} 21. Na5 {[%emt 0:02:35]} Ba8 {[%emt 0:00:13]} 22. Rxc8 {[%emt 0:02:13]} Rxc8 {[%emt 0:00:06]} 23. Rc1 {[%emt 0:00:02]} Rxc1 {[%emt 0:00:08]} 24. Bxc1 {[%emt 0:00:04]} Bf6 {[%emt 0:07:07]} 25. Ne1 {[%emt 0:02:58]} Nc3+ {[%emt 0:01:06]} 26. Kd2 {[%emt 0:00:31]} Na2 {[%emt 0:01:23]} 27. Kc2 {[%emt 0:03:14]} Nxc1 {[%emt 0:02:10]} 28. Kxc1 {[%emt 0:00:03]} Na4 {[%emt 0:00:55]} 29. Be2 {[%emt 0:03:43]} Be4 {[%emt 0:08:34]} 30. Bd3 {[%emt 0:03:32]} Ba8 {[%emt 0:01:27]} 31. Be2 {[%emt 0:02:01]} Bd5 {[%emt 0:02:07]} 32. Bf3 {[%emt 0:00:58]} Bb2+ {[%emt 0:00:09]} 33. Kb1 {[%emt 0:01:48]} Bxa3 {[%emt 0:03:17]} 34. Nc2 {[%emt 0:00:07]} Bxf3 {[%emt 0:06:17]} 35. gxf3 {[%emt 0:00:16]} Bb2 {[%emt 0:00:06]} 36. Ne1 {[%emt 0:05:01]} Be5 {[%emt 0:02:09]} 37. f4 {[%emt 0:00:05]} Bc7 {[%emt 0:01:06]} 38. Nb3 {[%emt 0:02:33]} Nc3+ {[%emt 0:01:37]} 39. Kc2 {[%emt 0:01:11]} Nd5 {[%emt 0:00:07]} 40. Nd3 {[%emt 0:00:05]} Bd6 {[%emt 0:00:04]} 41. Ndc5 {[%emt 0:34:40]} Nxb4+ {[%emt 0:30:06]} 42. Kc3 {[%emt 0:00:06]} Bxc5 {[%emt 0:02:47]} 43. Nxc5 {[%emt 0:00:20]} a5 {[%emt 0:00:04]} 44. Nb7 {[%emt 0:02:25]} Nd5+ {[%emt 0:04:00]} 45. Kd4 {[%emt 0:02:37]} a4 {[%emt 0:00:28]} 46. Nc5 {[%emt 0:00:15]} Kf8 {[%emt 0:02:49]} 47. f5 {[%emt 0:01:53]} Ke7 {[%emt 0:00:03]} 48. fxe6 {[%emt 0:01:08]} fxe6 {[%emt 0:00:05]} 49. e4 {[%emt 0:00:09]} Nb4 {[%emt 0:02:40]} 50. Kc3 {[%emt 0:01:30]} Nc6 {[%emt 0:00:06]} 51. f4 {[%emt 0:00:21]} b4+ {[%emt 0:03:26]} 52. Kc4 {[%emt 0:00:33]} a3 {[%emt 0:00:04]} 53. Kb3 {[%emt 0:00:44]} e5 {[%emt 0:01:22]} 54. f5 {[%emt 0:00:00]} Nd4+ {[%emt 0:00:00]} 55. Ka2 {[%emt 0:00:00]} Ne2 {[%emt 0:00:00]} 56. h4 {[%emt 0:00:00]} Kd6 {[%emt 0:00:00]} 57. Nb7+ {[%emt 0:00:00]} Kc6 {[%emt 0:00:00]} 58. Nd8+ {[%emt 0:00:00]} Kb5 {[%emt 0:00:00]} 59. Nf7 {[%emt 0:00:00]} Ka4 {[%emt 0:00:00]} 0-1

[Event "105th British-ch 2018"]
[Site "Hull"]
[Date "2018.08.04"]
[Round "8"]
[White "Mcphillips, Joseph"]
[Black "Toma, Katarzyna"]
[Result "1-0"]
[WhiteElo "2402"]
[BlackElo "2274"]
[Annotator "NA"]
[PlyCount "97"]
[EventDate "2018.07.28"]
[EventType "swiss"]
[EventCountry "GBR"]
[SourceTitle "playchess.com"]
[Source "ChessBase"]
[SourceQuality "1"]
[TimeControl "40/5400+30:1800+30"]

1. e4 {[%emt 0:00:56]} c5 {[%emt 0:00:00]} 2. Nf3 {[%emt 0:00:03]} Nc6 {[%emt 0:00:00]} 3. d4 {[%emt 0:00:04]} cxd4 {[%emt 0:00:00]} 4. Nxd4 {[%emt 0:00:03]} Nf6 {[%emt 0:00:00]} 5. Nc3 {[%emt 0:00:05]} e5 {[%emt 0:00:05]} 6. Ndb5 {[%emt 0:00:03]} d6 {[%emt 0:00:07]} 7. Bg5 {[%emt 0:00:04]} a6 {[%emt 0:00:05]} 8. Na3 {[%emt 0:00:05]} b5 {[%emt 0:00:04]} 9. Bxf6 {[%emt 0:03:07]} gxf6 {[%emt 0:00:06]} 10. Nd5 {[%emt 0:00:09]} f5 {[%emt 0:00:07]} 11. g3 {[%emt 0:00:58]} fxe4 {[%emt 0:00:20]} 12. Bg2 {[%emt 0:00:34]} Bg7 {[%emt 0:00:17]} 13. Bxe4 {[%emt 0:00:03]} O-O {[%emt 0:01:52]} 14. Ne3 {[%emt 0:01:09]} Qd7 {[%emt 0:15:25]} 15. Qh5 {[%emt 0:00:20]} f5 {[%emt 0:02:14]} 16. Bxf5 {[%emt 0:09:20]} Rxf5 {[%emt 0:00:07]} 17. Nxf5 {[%emt 0:00:04]} Qxf5 {[%emt 0:00:04]} 18. Qe8+ {[%emt 0:00:05]} Qf8 {[%emt 0:03:01]} 19. Qxc6 {[%emt 0:00:32]} Bg4 {[%emt 0:01:02]} 20. O-O {[%emt 0:13:23]} Bf3 {[%emt 0:01:41]} 21. Qd7 {[%emt 0:00:17]} Qf6 {[%emt 0:22:42]} 22. c3 {[%emt 0:08:03]} Rd8 {[%emt 0:08:10]} 23. Qh3 {[%emt 0:01:29]} d5 {[%emt 0:04:26]} 24. Rac1 {[%emt 0:20:00]} Rf8 {[%emt 0:14:27]} 25. Nc2 {[%emt 0:08:59]} d4 {[%emt 0:03:49]} 26. cxd4 {[%emt 0:03:19]} exd4 {[%emt 0:00:04]} 27. Nb4 {[%emt 0:00:17]} Be2 {[%emt 0:04:55]} 28. Nd5 {[%emt 0:05:05]} Qf7 {[%emt 0:02:36]} 29. Nf4 {[%emt 0:00:25]} d3 {[%emt 0:02:41]} 30. Rcd1 {[%emt 0:06:17]} Qxa2 {[%emt 0:01:48]} 31. Nxd3 {[%emt 0:01:21]} Qb3 {[%emt 0:01:07]} 32. Nc5 {[%emt 0:06:36]} Bxf1 {[%emt 0:02:32]} 33. Rxf1 {[%emt 0:01:49]} Qxb2 {[%emt 0:00:07]} 34. Qe6+ {[%emt 0:03:57]} Rf7 {[%emt 0:02:34]} 35. Qxa6 {[%emt 0:01:18]} b4 {[%emt 0:02:18]} 36. Ne6 {[%emt 0:00:47]} h6 {[%emt 0:03:17]} 37. Qa8+ {[%emt 0:00:52]} Kh7 {[%emt 0:00:44]} 38. Qd5 {[%emt 0:02:14]} Ra7 {[%emt 0:01:57]} 39. Kg2 {[%emt 0:02:46]} Qc2 {[%emt 0:01:20]} 40. Rd1 {[%emt 0:02:20]} Ra2 {[%emt 0:01:04]} 41. Qf3 {[%emt 0:06:56]} Ra7 {[%emt 0:17:36]} 42. Rd3 {[%emt 0:00:22]} Kg8 {[%emt 0:00:10]} 43. Qd5 {[%emt 0:07:20]} Rf7 {[%emt 0:02:10]} 44. Rf3 {[%emt 0:02:11]} Qg6 {[%emt 0:03:06]} 45. Nd8 {[%emt 0:01:09]} Bf6 {[%emt 0:01:00]} 46. Nxf7 {[%emt 0:01:04]} Qxf7 {[%emt 0:00:03]} 47. Qf5 {[%emt 0:00:21]} Kg7 {[%emt 0:00:31]} 48. Qg4+ {[%emt 0:00:09]} Kh7 {[%emt 0:00:49]} 49. Qxb4 {[%emt 0:00:09]} 1-0

[Event "105th British-ch 2018"]
[Site "Hull"]
[Date "2018.08.04"]
[Round "8"]
[White "Eggleston, David J"]
[Black "Ward, Chris G"]
[Result "1-0"]
[WhiteElo "2397"]
[BlackElo "2434"]
[Annotator "TA"]
[PlyCount "57"]
[EventDate "2018.07.28"]
[EventType "swiss"]
[EventCountry "GBR"]
[SourceTitle "playchess.com"]
[Source "ChessBase"]
[SourceQuality "1"]

{[%evp 10,57,38,6,16,11,6,0,14,14,21,22,14,-18,-16,-14,-22,-12,0,0,0,0,30,0,0,0,0,3,378,356,371,384,384,386,391,372,393,385,431,359,588,487,1081,814,1103,1093,1791,1791,1756,1743]} 1. e4 c5 2. Nf3 Nc6 3. d4 cxd4 4. Nxd4 g6 5. c4 Bg7 6. Nc2 {LiveBook: 424 Games} e6 {B37: Sicilian: Maroczy Bind with 5...Bg7, sidelines} (6... d6 7. Be2 Nf6 8. Nc3 O-O 9. O-O Be6 10. Bd2 Nd7 11. Rc1 Nc5 12. b4 Bxc3 13. Bxc3 Nxe4 14. Ba1 a5 15. b5 Ne5 16. Qd4 Nf6 17. Ne3 Ned7 18. Bf3 {1-0 (33) Aronian,L (2785)-Flores,D (2579) Doha 2016}) 7. Nc3 Nge7 8. Be2 O-O {The position is equal.} 9. O-O f5 10. exf5 Nxf5 11. Ne4 $146 ({Predecessor:} 11. Bg4 b6 12. Ne4 d5 13. Bg5 Qd7 14. cxd5 exd5 {½-½ (43) Bacquele,F (1626)-Bissbort,J (2059) Ditzingen 2008}) 11... b6 12. Rb1 Bb7 13. b3 Ne5 14. Ng3 Qh4 15. Nxf5 gxf5 (15... Rxf5 {is interesting.} 16. f4 Be4 17. g3 Qh3 18. Rf2 g5) 16. f4 Ng4 17. Bxg4 $1 fxg4 18. Qxd7 $40 {[%mdl 128] White is up to no good.} Bxg2 $2 {[%mdl 8192]} (18... Rf7 $11 {and Black is okay.} 19. Qxe6 Rd8) 19. Kxg2 $18 Qh3+ 20. Kg1 g3 {[%csl Gg3][%cal Rh3h2] [#]} 21. Qd2 Rad8 22. Qg2 gxh2+ 23. Kh1 Qd3 24. Bb2 {[%csl Gb2][%cal Rg2g7] [#]} Rf7 $2 (24... Qg6 {was necessary.} 25. Kxh2 Qxg2+ 26. Kxg2 Rd2+ 27. Rf2 Rxf2+ 28. Kxf2 Rxf4+ 29. Ke3 Bh6) 25. Rf3 {[%cal Bf1f3,Bf3g3,Bg3g6][%mdl 32] White is clearly winning.} Qf5 (25... Qd2 $142 26. Rf2 Qd3) 26. Rg3 {[%cal Rg3g7]} Rdd7 27. Rf1 h6 28. Nd4 Qf6 29. Rg6 {Precision: White = 86%, Black = 47%.} 1-0

[Event "105th British-ch 2018"]
[Site "Hull"]
[Date "2018.08.04"]
[Round "8"]
[White "Fitzsimons, David"]
[Black "Abdulla, Murad"]
[Result "1-0"]
[WhiteElo "2328"]
[BlackElo "2281"]
[Annotator "NA"]
[PlyCount "73"]
[EventDate "2018.07.28"]
[EventType "swiss"]
[EventCountry "GBR"]
[SourceTitle "playchess.com"]
[Source "ChessBase"]
[SourceQuality "1"]
[TimeControl "40/5400+30:1800+30"]

1. e4 {[%emt 0:00:00]} e5 {[%emt 0:00:15]} 2. Nf3 {[%emt 0:00:00]} Nc6 {[%emt 0:00:13]} 3. Bc4 {[%emt 0:00:05]} Bc5 {[%emt 0:00:20]} 4. O-O {[%emt 0:00:07]} Nf6 {[%emt 0:00:16]} 5. d3 {[%emt 0:00:06]} d6 {[%emt 0:00:32]} 6. c3 {[%emt 0:00:07]} a6 {[%emt 0:00:37]} 7. Bb3 {[%emt 0:00:18]} Ba7 {[%emt 0:00:24]} 8. Nbd2 {[%emt 0:00:39]} h6 {[%emt 0:00:30]} 9. Re1 {[%emt 0:00:25]} g5 {[%emt 0:00:12]} 10. Nf1 {[%emt 0:00:33]} g4 {[%emt 0:00:38]} 11. N3d2 {[%emt 0:00:06]} h5 {[%emt 0:00:21]} 12. Nc4 {[%emt 0:00:42]} h4 {[%emt 0:07:56]} 13. Be3 {[%emt 0:00:50]} Qe7 {[%emt 0:00:44]} 14. d4 {[%emt 0:05:13]} b5 {[%emt 0:19:48]} 15. dxe5 {[%emt 0:08:15]} dxe5 {[%emt 0:15:52]} 16. Bxa7 {[%emt 0:03:41]} bxc4 {[%emt 0:00:50]} 17. Ba4 {[%emt 0:02:36]} Bb7 {[%emt 0:09:29]} 18. Be3 {[%emt 0:01:25]} Qe6 {[%emt 0:00:51]} 19. Bg5 {[%emt 0:03:55]} Nd7 {[%emt 0:04:58]} 20. Qd5 {[%emt 0:13:15]} Qg6 {[%emt 0:00:25]} 21. Rad1 {[%emt 0:00:25]} Qe6 {[%emt 0:03:32]} 22. Re2 {[%emt 0:03:05]} Rh5 {[%emt 0:08:16]} 23. Red2 {[%emt 0:01:06]} Qxd5 {[%emt 0:03:16]} 24. Rxd5 {[%emt 0:00:41]} Rxg5 {[%emt 0:00:22]} 25. Rxd7 {[%emt 0:00:07]} Rc8 {[%emt 0:02:02]} 26. Ne3 {[%emt 0:00:20]} Kf8 {[%emt 0:04:16]} 27. Nxc4 {[%emt 0:04:41]} g3 {[%emt 0:04:55]} 28. hxg3 {[%emt 0:06:10]} hxg3 {[%emt 0:00:06]} 29. fxg3 {[%emt 0:00:26]} Rxg3 {[%emt 0:01:45]} 30. Rf1 {[%emt 0:07:32]} Rg7 {[%emt 0:00:19]} 31. Nb6 {[%emt 0:03:40]} Ke8 {[%emt 0:05:44]} 32. Nxc8 {[%emt 0:01:35]} Kxd7 {[%emt 0:00:50]} 33. Na7 {[%emt 0:00:06]} Rg6 {[%emt 0:02:18]} 34. Rxf7+ {[%emt 0:00:32]} Kd8 {[%emt 0:00:05]} 35. Nxc6+ {[%emt 0:00:44]} Bxc6 {[%emt 0:00:12]} 36. Bxc6 {[%emt 0:00:17]} Rxc6 {[%emt 0:00:05]} 37. Rf5 {[%emt 0:00:04]} 1-0

[Event "105th British-ch 2018"]
[Site "Hull"]
[Date "2018.08.04"]
[Round "8"]
[White "Derakhshani, Borna"]
[Black "Tozer, Philip"]
[Result "1-0"]
[WhiteElo "2315"]
[BlackElo "2142"]
[Annotator "NA"]
[PlyCount "107"]
[EventDate "2018.07.28"]
[EventType "swiss"]
[EventCountry "GBR"]
[SourceTitle "playchess.com"]
[Source "ChessBase"]
[SourceQuality "1"]
[TimeControl "40/5400+30:1800+30"]

1. d4 {[%emt 0:00:00]} e6 {[%emt 0:00:00]} 2. Bf4 {[%emt 0:00:34]} Nf6 {[%emt 0:00:00]} 3. e3 {[%emt 0:00:23]} c5 {[%emt 0:00:19]} 4. Nf3 {[%emt 0:00:28]} d5 {[%emt 0:00:15]} 5. c3 {[%emt 0:00:15]} Nc6 {[%emt 0:00:11]} 6. Nbd2 {[%emt 0:00:21]} Bd6 {[%emt 0:00:08]} 7. Bg3 {[%emt 0:00:12]} O-O {[%emt 0:00:11]} 8. Bd3 {[%emt 0:00:20]} b6 {[%emt 0:02:49]} 9. Ne5 {[%emt 0:00:27]} Bb7 {[%emt 0:01:25]} 10. O-O {[%emt 0:00:40]} Qc7 {[%emt 0:08:49]} 11. f4 {[%emt 0:00:56]} Ne7 {[%emt 0:01:21]} 12. Qb1 {[%emt 0:00:14]} g6 {[%emt 0:09:51]} 13. Bh4 {[%emt 0:05:04]} Ne8 {[%emt 0:02:01]} 14. g4 {[%emt 0:12:53]} f6 {[%emt 0:06:55]} 15. Nef3 {[%emt 0:02:49]} Nc6 {[%emt 0:12:12]} 16. a3 {[%emt 0:05:22]} Ng7 {[%emt 0:15:22]} 17. Qa2 {[%emt 0:05:29]} c4 {[%emt 0:02:21]} 18. Bc2 {[%emt 0:00:37]} b5 {[%emt 0:01:31]} 19. g5 {[%emt 0:09:56]} f5 {[%emt 0:00:45]} 20. Ne5 {[%emt 0:03:10]} a5 {[%emt 0:03:24]} 21. Bd1 {[%emt 0:07:04]} b4 {[%emt 0:06:41]} 22. Be1 {[%emt 0:00:30]} Nxe5 {[%emt 0:05:22]} 23. fxe5 {[%emt 0:01:54]} Be7 {[%emt 0:00:10]} 24. h4 {[%emt 0:01:07]} Bc6 {[%emt 0:05:01]} 25. Rf2 {[%emt 0:02:25]} Kf7 {[%emt 0:06:06]} 26. Nf1 {[%emt 0:01:40]} Ke8 {[%emt 0:00:34]} 27. Ng3 {[%emt 0:00:05]} Rh8 {[%emt 0:02:23]} 28. Ne2 {[%emt 0:01:17]} h6 {[%emt 0:00:47]} 29. Nf4 {[%emt 0:12:08]} b3 {[%emt 0:00:26]} 30. Qb1 {[%emt 0:00:12]} hxg5 {[%emt 0:00:15]} 31. Nxg6 {[%emt 0:00:10]} Rh6 {[%emt 0:00:24]} 32. h5 {[%emt 0:01:41]} Nxh5 {[%emt 0:00:50]} 33. Rh2 {[%emt 0:00:03]} Kd7 {[%emt 0:01:29]} 34. Nxe7 {[%emt 0:00:24]} Kxe7 {[%emt 0:01:10]} 35. Rxh5 {[%emt 0:00:24]} Rxh5 {[%emt 0:00:32]} 36. Bxh5 {[%emt 0:00:02]} Rh8 {[%emt 0:00:03]} 37. Bf3 {[%emt 0:00:44]} Qd8 {[%emt 0:00:26]} 38. Qd1 {[%emt 0:01:21]} Qf8 {[%emt 0:00:14]} 39. Qe2 {[%emt 0:00:55]} Qh6 {[%emt 0:00:35]} 40. Qf2 {[%emt 0:07:40]} Be8 {[%emt 0:01:23]} 41. Kf1 {[%emt 0:43:00]} Bh5 {[%emt 0:05:43]} 42. Bg2 {[%emt 0:00:00]} Bg4 {[%emt 0:02:08]} 43. Bd2 {[%emt 0:00:00]} Qh5 {[%emt 0:03:51]} 44. Re1 {[%emt 0:00:00]} Bd1 {[%emt 0:02:10]} 45. Qg3 {[%emt 0:00:00]} Bg4 {[%emt 0:05:56]} 46. Kf2 {[%emt 0:00:00]} Bd1 {[%emt 0:01:12]} 47. Rxd1 {[%emt 0:00:00]} Qxd1 {[%emt 0:00:05]} 48. Qxg5+ {[%emt 0:00:00]} Kd7 {[%emt 0:03:18]} 49. Qg7+ {[%emt 0:00:00]} Kc6 {[%emt 0:00:06]} 50. Qxh8 {[%emt 0:00:00]} Qxd2+ {[%emt 0:00:07]} 51. Kf3 {[%emt 0:00:00]} Qd1+ {[%emt 0:01:46]} 52. Kg3 {[%emt 0:00:00]} Qg4+ {[%emt 0:00:27]} 53. Kh2 {[%emt 0:00:00]} f4 {[%emt 0:00:07]} 54. Qh3 {[%emt 0:00:00]} 1-0

[Event "105th British-ch 2018"]
[Site "Hull"]
[Date "2018.08.04"]
[Round "8"]
[White "Kolbus, Dietmar"]
[Black "Maroroa, Sue Yuchan"]
[Result "1-0"]
[WhiteElo "2303"]
[BlackElo "2104"]
[Annotator "NA"]
[PlyCount "141"]
[EventDate "2018.07.28"]
[EventType "swiss"]
[EventCountry "GBR"]
[SourceTitle "playchess.com"]
[Source "ChessBase"]
[SourceQuality "1"]
[TimeControl "40/5400+30:1800+30"]

1. c4 {[%emt 0:00:00]} Nf6 {[%emt 0:00:00]} 2. Nc3 {[%emt 0:00:00]} g6 {[%emt 0:00:00]} 3. e4 {[%emt 0:00:00]} d6 {[%emt 0:00:00]} 4. d4 {[%emt 0:00:00]} Bg7 {[%emt 0:00:00]} 5. f3 {[%emt 0:00:11]} O-O {[%emt 0:00:03]} 6. Be3 {[%emt 0:00:05]} c5 {[%emt 0:00:10]} 7. Nge2 {[%emt 0:01:00]} Nc6 {[%emt 0:00:20]} 8. dxc5 {[%emt 0:02:40]} dxc5 {[%emt 0:00:11]} 9. Qxd8 {[%emt 0:00:09]} Rxd8 {[%emt 0:00:06]} 10. Bxc5 {[%emt 0:00:11]} Nd7 {[%emt 0:00:14]} 11. Be3 {[%emt 0:07:36]} Nde5 {[%emt 0:02:15]} 12. Nf4 {[%emt 0:02:34]} b6 {[%emt 0:03:04]} 13. Rc1 {[%emt 0:03:16]} e6 {[%emt 0:09:51]} 14. Be2 {[%emt 0:06:31]} Ba6 {[%emt 0:03:15]} 15. b3 {[%emt 0:00:41]} Nb4 {[%emt 0:05:15]} 16. O-O {[%emt 0:00:19]} g5 {[%emt 0:07:03]} 17. Nh5 {[%emt 0:00:21]} Ned3 {[%emt 0:00:14]} 18. Nxg7 {[%emt 0:04:06]} Nxc1 {[%emt 0:01:03]} 19. Rxc1 {[%emt 0:00:08]} Kxg7 {[%emt 0:00:12]} 20. Bxg5 {[%emt 0:00:06]} f6 {[%emt 0:00:27]} 21. Be3 {[%emt 0:00:20]} Rac8 {[%emt 0:03:51]} 22. Kf1 {[%emt 0:02:25]} Nc6 {[%emt 0:05:03]} 23. Kf2 {[%emt 0:05:46]} Nd4 {[%emt 0:04:58]} 24. Bf1 {[%emt 0:00:37]} Bb7 {[%emt 0:04:37]} 25. Ne2 {[%emt 0:01:35]} Nc6 {[%emt 0:02:14]} 26. Nc3 {[%emt 0:00:52]} Nd4 {[%emt 0:00:39]} 27. Ke1 {[%emt 0:00:37]} Ba6 {[%emt 0:04:04]} 28. Ne2 {[%emt 0:03:36]} Nc6 {[%emt 0:01:20]} 29. Nf4 {[%emt 0:00:37]} Kf7 {[%emt 0:03:18]} 30. Nd3 {[%emt 0:00:59]} Nd4 {[%emt 0:05:34]} 31. Nb4 {[%emt 0:01:32]} Bb7 {[%emt 0:01:00]} 32. Rd1 {[%emt 0:03:13]} Nc6 {[%emt 0:02:50]} 33. Nd3 {[%emt 0:00:58]} Ba6 {[%emt 0:03:09]} 34. Rd2 {[%emt 0:02:05]} Rd7 {[%emt 0:04:29]} 35. Rc2 {[%emt 0:04:03]} Rcd8 {[%emt 0:01:08]} 36. Rc3 {[%emt 0:00:48]} Kg7 {[%emt 0:10:49]} 37. Kf2 {[%emt 0:02:21]} Kf7 {[%emt 0:03:27]} 38. a3 {[%emt 0:01:04]} Na5 {[%emt 0:06:37]} 39. Nb4 {[%emt 0:01:12]} Bb7 {[%emt 0:00:20]} 40. Be2 {[%emt 0:01:18]} Nc6 {[%emt 0:02:23]} 41. Nxc6 {[%emt 0:30:44]} Bxc6 {[%emt 0:30:29]} 42. a4 {[%emt 0:00:52]} Rc8 {[%emt 0:00:00]} 43. Rc1 {[%emt 0:00:00]} Rb7 {[%emt 0:00:00]} 44. Ra1 {[%emt 0:00:00]} f5 {[%emt 0:00:00]} 45. e5 {[%emt 0:00:00]} a6 {[%emt 0:00:00]} 46. b4 {[%emt 0:00:00]} b5 {[%emt 0:00:00]} 47. cxb5 {[%emt 0:00:00]} axb5 {[%emt 0:00:00]} 48. a5 {[%emt 0:00:00]} Rbb8 {[%emt 0:00:00]} 49. a6 {[%emt 0:00:00]} Bd5 {[%emt 0:00:00]} 50. a7 {[%emt 0:00:00]} Ra8 {[%emt 0:00:00]} 51. Bxb5 {[%emt 0:00:00]} Rc2+ {[%emt 0:00:00]} 52. Be2 {[%emt 0:00:00]} Bc4 {[%emt 0:00:00]} 53. Re1 {[%emt 0:00:00]} Ke8 {[%emt 0:00:00]} 54. Kf1 {[%emt 0:00:00]} Rxe2 {[%emt 0:00:00]} 55. Rxe2 {[%emt 0:00:00]} Kd7 {[%emt 0:00:00]} 56. Kf2 {[%emt 0:00:00]} Bxe2 {[%emt 0:00:00]} 57. Kxe2 {[%emt 0:00:00]} Kc6 {[%emt 0:00:00]} 58. Bc5 {[%emt 0:00:00]} Kb7 {[%emt 0:00:18]} 59. Ke3 {[%emt 0:00:00]} Rg8 {[%emt 0:01:42]} 60. g3 {[%emt 0:00:00]} Rg7 {[%emt 0:02:00]} 61. Kf4 {[%emt 0:00:00]} Rg6 {[%emt 0:02:12]} 62. g4 {[%emt 0:00:00]} fxg4 {[%emt 0:00:21]} 63. fxg4 {[%emt 0:00:00]} Rg8 {[%emt 0:00:37]} 64. h4 {[%emt 0:00:00]} Ka8 {[%emt 0:01:27]} 65. g5 {[%emt 0:00:00]} Kb7 {[%emt 0:00:23]} 66. Kg4 {[%emt 0:00:00]} Ka8 {[%emt 0:00:15]} 67. Kh5 {[%emt 0:00:00]} Rg6 {[%emt 0:00:07]} 68. Kg4 {[%emt 0:01:21]} Rg8 {[%emt 0:00:13]} 69. h5 {[%emt 0:00:29]} Kb7 {[%emt 0:00:21]} 70. g6 {[%emt 0:01:26]} hxg6 {[%emt 0:00:31]} 71. h6 {[%emt 0:00:14]} 1-0